000 00592nam a2200229Ia 4500
003 OSt
005 20221006151337.0
006 a|||||r|||| 00| 0
007 ta
008 221006b |||||||| |||| 00| 0 eng d
020 _cHK
_6.00
024 _a21,771
037 _cTextual
040 _aEASL
_cEASL
_beng
041 _2eng
_aeng
100 _aGRIPPA Jacque
_9658975
245 0 _aTheory and practice of the modern revisionists
260 _aBeijing
_bForeign Languages Press
_c1965
300 _a56p.
_ccm.
942 _cTEXL
_2CC
999 _c1089857
_d1089857